| 000 | 00872nam a22002532 4500 | ||
|---|---|---|---|
| 001 | 0000023233 | ||
| 005 | 20151217152237.0 | ||
| 008 | 120903s xx 000 0 eng d | ||
| 020 | _a0071493970 : | ||
| 040 |
_aKABU _cKABU |
||
| 100 | 1 |
_aScemons, Donna. _@0000182576 |
|
| 245 | 1 | 0 |
_aNurse to nurse wound care / _cDonna Scemons, Denise Elston. |
| 250 | _a1st ed. | ||
| 260 |
_aNew York : _bMcGraw - Hill, _c2009. |
||
| 300 | _axii, 369 p. | ||
| 650 | 0 |
_aWounds and injuries _xNursing. _@0000182577 |
|
| 700 | 1 |
_aElston, Denise. _@0000182578 |
|
| 852 | 1 | _9p2,800 KES | |
| 852 | 1 | _9p2,800 KES | |
| 852 | 1 | _9p2,800 KES | |
| 852 | 1 | _9p2,800 KES | |
| 908 | _a120903 | ||
| 950 | _@1 | ||
| 999 |
_c9754 _d9754 |
||